000 00908nam a2200217 i 4500
001 24234
003 ES-MaACL
005 20240304175148.0
007 t|
008 021216s1967 sp ||||1| spa d
080 _a634.63-27
100 1 _aAndrés Cantero, Faustino de.
_921596
245 1 0 _aOrganización y dirección de una campaña fitosanitaria de utilidad pública y ámbito provincial, con ampliación a tratamientos contra el Liothrips Oleas (arañuelo del olivo) /
_cpor Faustino de Andrés Cantero.
260 _a[Jaén :
_bs.n.,
_c1967] (
_fImp. Nova)
300 _aVIII, 260 p. :
_bil. ;
_c32 cm.
594 _aPrecede al tít.: Dirección General de Agricultura. Sección de Fitopatología y Plagas del Campo
650 4 _aOlivos-
_xPlagas y enfermedades.
_9156119
710 1 _aEspaña.
_bDirección General de Agricultura
_93699
852 4 _aES-MaACL
_jC-33372
999 _c24234
_d24234